000 00515nam a2200205Ia 4500
005 20250425161011.0
008 250425s9999 xx 000 0 und d
041 _aeng
082 _a621.3191
100 _aKIRCHMAYER, LEON K.
245 0 _aECONOMIC OPERATION OF POWER SYSTEMS
250 _aS.E.
260 _aEstados Unidos
_bJOHN WILEY & SONS
_c1958
260 _aNEW YORK
300 _a260
650 _aCENTRALES ELECTRICAS-GESTION
650 _aPLANTAS ELECTRICAS
942 _c01
010 _a10319
999 _c200436
_d200436